Scènes d'Harry Potter 6 dans le désordre - Statistiques

Statistiques générales
  • Ce quiz a été pris 63 fois
  • Le résultat moyen est 3 sur 15
Statistiques - réponses
Hint Réponse % Correct
Chapitres 1 à 4
54%
Chapitres 5 et 6
46%
Chapitre 11
25%
Chapitres 28 à 30
21%
Chapitre 27
21%
Chapitres 24 à 26
17%
Chapitres 17 et 18
13%
Chapitre 23
13%
Chapitre 12
8%
Chapitres 13 et 14
8%
Chapitres 15 et 16
8%
Chapitre 22
8%
Chapitres 7 à 9
8%
Chapitre 10
8%
Chapitres 19 à 21
4%
Aucun quiz correspondant
Distribution des résultats
% des personnes avec chaque résultat
Percentile par nombre de réponses
Votre historique - résultats
Vous n’avez pas pris ce quiz